| 000 | 00511nam a22002057a 4500 | ||
|---|---|---|---|
| 003 | OSt | ||
| 008 | 221115b ||||| |||| 00| 0 eng d | ||
| 020 | _a9781543345506 | ||
| 082 | _a615.19 GOT | ||
| 100 | _aGOLANI, Pradeep | ||
| 245 | _aText book of Pharmaceutical Chemistry-1 | ||
| 250 | _aEd | ||
| 260 |
_aNew Delhi _bS.Vikas _c2022 |
||
| 300 | _a241 | ||
| 650 | _aPharmaceutical Inorganic Chemistry | ||
| 700 | _aBUDHRANI,Ashish | ||
| 700 | _aVERMA,Megha | ||
| 700 | _aRAGEEB,MD. | ||
| 942 |
_2ddc _cBK |
||
| 999 |
_c11584 _d11584 |
||